{"text_format":"3","workbook":"xls","n_sheets":2,"sheets":["报价","生态新城污水处理厂化验室器皿采购报价单      "],"read":"whole","date_system":"1900","formulas":"cached_only"}

{"sheet":"报价","index":0,"n_rows":70,"n_cols":8,"rows_kept":70,"merged":[[0,0,0,6],[69,0,69,5]],"flags":["formulas_cached_only"]}
["需求单位：生态新城污水处理厂                                         "]
["序号","产品名称","产品规格","数量","单位","最高控制单价（元）","最高控制总价","备注"]
[1,"玻璃白小口试剂瓶","2500ml","只",2,{"v":41.245,"d":"41.25"},82.49]
[2,"玻璃白大口试剂瓶","5000ml","只",2,{"v":85.315,"d":"85.32"},170.63]
[3,"酸性具塞滴定管","25ml","支",5,70.06,{"v":350.3,"d":"350.30"}]
[4,"聚乙稀小口试剂瓶","500ml","只",2,{"v":4.746,"d":"4.75"},{"v":9.492,"d":"9.49"}]
[5,"聚乙稀小口试剂瓶","1000ml","只",1,{"v":9.944,"d":"9.94"},{"v":9.944,"d":"9.94"}]
[6,"刻度记玻璃移液吸管","25ml","支",1,19.21,19.21]
[7,"刻度记玻璃移液吸管","20ml","支",1,19.21,19.21]
[8,"刻度记玻璃移液吸管","10ml","支",10,18.08,{"v":180.8,"d":"180.80"}]
[9,"刻度记玻璃移液吸管","5ml","支",10,15.82,{"v":158.2,"d":"158.20"}]
[10,"刻度记玻璃移液吸管","2ml","支",10,{"v":14.7,"d":"14.70"},{"v":147,"d":"147.00"}]
[11,"刻度记玻璃移液吸管","1ml","支",10,13.56,{"v":135.6,"d":"135.60"}]
[12,"玻璃烧杯","1000ml","只",6,18.08,{"v":108.47999999999999,"d":"108.48"}]
[13,"玻璃烧杯","500ml","只",8,{"v":7.345,"d":"7.35"},58.76]
[14,"玻璃烧杯","250ml","只",6,6.78,40.68]
[15,"玻璃烧杯","100ml","只",2,5.66,11.32]
[16,"玻璃烧杯","50ml","只",2,4.52,9.04]
[17,"玻璃棕小口试剂瓶","1000ml","只",6,{"v":33.9,"d":"33.90"},{"v":203.39999999999998,"d":"203.40"}]
[18,"玻璃棕小口试剂瓶","500ml","只",6,23.73,142.38]
[19,"玻璃白小口试剂瓶","1000ml","只",6,28.25,{"v":169.5,"d":"169.50"}]
[20,"玻璃白小口试剂瓶","500ml","只",3,16.95,{"v":50.849999999999994,"d":"50.85"}]
[21,"玻璃白小口试剂瓶","250ml","只",3,15.82,47.46]
[22,"玻璃白小口试剂瓶","125ml","只",3,14.69,44.07]
[23,"量筒","500ml","只",1,{"v":22.6,"d":"22.60"},{"v":22.6,"d":"22.60"}]
[24,"塑料量筒","500ml","只",1,16.95,16.95]
[25,"量筒","100ml","只",1,{"v":11.408,"d":"11.41"},{"v":11.408,"d":"11.41"}]
[26,"塑料量筒","100ml","只",1,{"v":7.345,"d":"7.35"},{"v":7.345,"d":"7.35"}]
[27,"量筒","50ml","只",1,10.17,10.17]
[28,"塑料量杯","1000ml","只",2,{"v":9.605,"d":"9.61"},19.21]
[29,"具塞量筒","100ml","只",12,{"v":22.035,"d":"22.04"},264.42]
[30,"石英比色皿","751-10mm","只",4,14.69,58.76]
[31,"玻璃比色皿","751-20mm","只",4,20.34,81.36]
[32,"玻璃比色皿","751-30mm","只",4,24.86,99.44]
[33,"具塞比色管","1*25-50ml","支",12,{"v":15.255,"d":"15.26"},183.06]
[34,"具塞比色管","1*10-25ml","支",12,{"v":10.057,"d":"10.06"},{"v":120.684,"d":"120.68"}]
[35,"玻璃容量瓶","A 1000ml ","只",3,{"v":86.78399999999999,"d":"86.78"},{"v":260.352,"d":"260.35"}]
[36,"玻璃容量瓶","A 500ml ","只",2,59.89,119.78]
[37,"玻璃容量瓶"," A 250ml ","只",2,{"v":49,"d":"49.00"},{"v":98,"d":"98.00"}]
[38,"玻璃容量瓶","A 100ml ","只",1,{"v":30,"d":"30.00"},{"v":30,"d":"30.00"}]
[39,"玻璃三角烧瓶","250ml","只",20,{"v":11,"d":"11.00"},{"v":220,"d":"220.00"}]
[40,"有机玻璃吸管架","梯形，双排，10孔","只",2,{"v":64.071,"d":"64.07"},{"v":128.142,"d":"128.14"}]
[41,"比色管架 ","50ml×12孔/耐酸板","只",1,{"v":89.49600000000001,"d":"89.50"},{"v":89.49600000000001,"d":"89.50"}]
[42,"比色管架 ","25mlx12孔/耐酸板","只",1,{"v":67.687,"d":"67.69"},{"v":67.687,"d":"67.69"}]
[43,"不锈钢剪刀","12.5cm","把",1,{"v":33.9,"d":"33.90"},{"v":33.9,"d":"33.90"}]
[44,"不锈钢药匙","16cm","把",4,{"v":6.215,"d":"6.22"},24.86]
[45,"一次性橡胶检查手套","M号/100付/盒","盒",1,{"v":190,"d":"190.00"},{"v":190,"d":"190.00"}]
[46,"洗耳球","60ml","只",2,9.14,18.28]
[47,"磁力加热搅拌器","79-1","台",1,{"v":587,"d":"587.00"},{"v":587,"d":"587.00"}]
[48,"砂芯过滤装置","500ml","套",1,{"v":400,"d":"400.00"},{"v":400,"d":"400.00"}]
[49,"电热鼓风干燥箱","GZX-GF101-1-BS-II","台",1,{"v":3100,"d":"3100.00"},{"v":3100,"d":"3100.00"}]
[50,"紫外可见分光光度计","UV752N","台",1,{"v":5085,"d":"5085.00"},{"v":5085,"d":"5085.00"}]
[51,"隔膜真空泵","GM-0.5A （截留瓶）","台",1,{"v":1864.5,"d":"1864.50"},{"v":1864.5,"d":"1864.50"}]
[52,"消毒锅","YX-280/15升定时数控","台",1,{"v":2429.5,"d":"2429.50"},{"v":2429.5,"d":"2429.50"}]
[53,"电子天平","JA2003N 200g/0.001g","台",1,{"v":2101,"d":"2101.00"},{"v":2101,"d":"2101.00"}]
[54,"干燥器","210mm","只",1,172.89,172.89]
[55,"便携式溶解氧分析仪","JPB-607A型","台",1,{"v":2373,"d":"2373.00"},{"v":2373,"d":"2373.00"}]
[56,"酸度计","PHS-3C","台",1,{"v":2317,"d":"2317.00"},{"v":2317,"d":"2317.00"}]
[57,"玻璃珠","Φ6mm","袋",1,{"v":57,"d":"57.00"},{"v":57,"d":"57.00"}]
[58,"称量纸","75x75/500张/包","包",2,{"v":15,"d":"15.00"},{"v":30,"d":"30.00"}]
[59,"称量纸","100x100/500张/包","包",2,{"v":18,"d":"18.00"},{"v":36,"d":"36.00"}]
[60,"称量纸","150x150/500张/包","包",2,{"v":25,"d":"25.00"},{"v":50,"d":"50.00"}]
[61,"微孔滤膜  (水系)","Φ50x0.45","合",5,{"v":61,"d":"61.00"},{"v":305,"d":"305.00"}]
[62,"标签纸","3cmx4.2cm(24小张)","张",200,0.58,{"v":115.99999999999999,"d":"116.00"}]
[63,"超纯水机","AXLA210-L","台",1,{"v":6328,"d":"6328.00"},{"v":6328,"d":"6328.00"}]
[64,"聚乙稀大口试剂瓶","1000ml","只",20,{"v":9.684,"d":"9.68"},{"v":193.67999999999998,"d":"193.68"}]
[65,"聚乙稀大口试剂瓶","500ml","只",15,{"v":4.3,"d":"4.30"},{"v":64.5,"d":"64.50"}]
[66,"聚乙稀大口试剂瓶","250ml","只",10,3.39,{"v":33.9,"d":"33.90"}]
[67,"聚乙稀小口试剂瓶","100ml","只",5,{"v":2.262,"d":"2.26"},11.31]
["合计",{"$nulls":5},32000.000000000004]

{"sheet":"生态新城污水处理厂化验室器皿采购报价单      ","index":1,"n_rows":79,"n_cols":8,"rows_kept":79,"merged":[[0,0,0,7],[1,0,1,7],[70,1,70,3],[70,4,70,7],[71,1,71,3],[71,4,71,7],[72,1,72,3],[72,4,72,7],[73,1,73,3],[73,4,73,7],[75,0,75,1],[75,4,75,7],[76,0,76,1],[76,4,76,7],[77,0,77,1],[77,4,77,7],[78,0,78,7]],"flags":["formulas_cached_only"]}
["生态新城污水处理厂化验室器皿采购报价单                               "]
["单位：元"]
["序号","产品名称","产品规格","数量","单位","最高控制单价（元）","单价（元）","备注"]
[1,"玻璃白小口试剂瓶","2500ml","只",2,{"v":41.245,"d":"41.25"}]
[2,"玻璃白大口试剂瓶","5000ml","只",2,{"v":85.315,"d":"85.32"}]
[3,"酸性具塞滴定管","25ml","支",5,70.06]
[4,"聚乙稀小口试剂瓶","500ml","只",2,{"v":4.746,"d":"4.75"}]
[5,"聚乙稀小口试剂瓶","1000ml","只",1,{"v":9.944,"d":"9.94"}]
[6,"刻度记玻璃移液吸管","25ml","支",1,19.21]
[7,"刻度记玻璃移液吸管","20ml","支",1,19.21]
[8,"刻度记玻璃移液吸管","10ml","支",10,18.08]
[9,"刻度记玻璃移液吸管","5ml","支",10,15.82]
[10,"刻度记玻璃移液吸管","2ml","支",10,{"v":14.7,"d":"14.70"}]
[11,"刻度记玻璃移液吸管","1ml","支",10,13.56]
[12,"玻璃烧杯","1000ml","只",6,18.08]
[13,"玻璃烧杯","500ml","只",8,{"v":7.345,"d":"7.35"}]
[14,"玻璃烧杯","250ml","只",6,6.78]
[15,"玻璃烧杯","100ml","只",2,5.66]
[16,"玻璃烧杯","50ml","只",2,4.52]
[17,"玻璃棕小口试剂瓶","1000ml","只",6,{"v":33.9,"d":"33.90"}]
[18,"玻璃棕小口试剂瓶","500ml","只",6,23.73]
[19,"玻璃白小口试剂瓶","1000ml","只",6,28.25]
[20,"玻璃白小口试剂瓶","500ml","只",3,16.95]
[21,"玻璃白小口试剂瓶","250ml","只",3,15.82]
[22,"玻璃白小口试剂瓶","125ml","只",3,14.69]
[23,"量筒","500ml","只",1,{"v":22.6,"d":"22.60"}]
[24,"塑料量筒","500ml","只",1,16.95]
[25,"量筒","100ml","只",1,{"v":11.408,"d":"11.41"}]
[26,"塑料量筒","100ml","只",1,{"v":7.345,"d":"7.35"}]
[27,"量筒","50ml","只",1,10.17]
[28,"塑料量杯","1000ml","只",2,{"v":9.605,"d":"9.61"}]
[29,"具塞量筒","100ml","只",12,{"v":22.035,"d":"22.04"}]
[30,"石英比色皿","751-10mm","只",4,14.69]
[31,"玻璃比色皿","751-20mm","只",4,20.34]
[32,"玻璃比色皿","751-30mm","只",4,24.86]
[33,"具塞比色管","1*25-50ml","支",12,{"v":15.255,"d":"15.26"}]
[34,"具塞比色管","1*10-25ml","支",12,{"v":10.057,"d":"10.06"}]
[35,"玻璃容量瓶","A 1000ml ","只",3,{"v":86.78399999999999,"d":"86.78"}]
[36,"玻璃容量瓶","A 500ml ","只",2,59.89]
[37,"玻璃容量瓶"," A 250ml ","只",2,{"v":49,"d":"49.00"}]
[38,"玻璃容量瓶","A 100ml ","只",1,{"v":30,"d":"30.00"}]
[39,"玻璃三角烧瓶","250ml","只",20,{"v":11,"d":"11.00"}]
[40,"有机玻璃吸管架","梯形，双排，10孔","只",2,{"v":64.071,"d":"64.07"}]
[41,"比色管架 ","50ml×12孔/耐酸板","只",1,{"v":89.49600000000001,"d":"89.50"}]
[42,"比色管架 ","25mlx12孔/耐酸板","只",1,{"v":67.687,"d":"67.69"}]
[43,"不锈钢剪刀","12.5cm","把",1,{"v":33.9,"d":"33.90"}]
[44,"不锈钢药匙","16cm","把",4,{"v":6.215,"d":"6.22"}]
[45,"一次性橡胶检查手套","M号/100付/盒","盒",1,{"v":190,"d":"190.00"}]
[46,"洗耳球","60ml","只",2,9.14]
[47,"磁力加热搅拌器","79-1","台",1,{"v":587,"d":"587.00"}]
[48,"砂芯过滤装置","500ml","套",1,{"v":400,"d":"400.00"}]
[49,"电热鼓风干燥箱","GZX-GF101-1-BS-II","台",1,{"v":3100,"d":"3100.00"}]
[50,"紫外可见分光光度计","UV752N","台",1,{"v":5085,"d":"5085.00"}]
[51,"隔膜真空泵","GM-0.5A （截留瓶）","台",1,{"v":1864.5,"d":"1864.50"}]
[52,"消毒锅","YX-280/15升定时数控","台",1,{"v":2429.5,"d":"2429.50"}]
[53,"电子天平","JA2003N 200g/0.001g","台",1,{"v":2101,"d":"2101.00"}]
[54,"干燥器","210mm","只",1,172.89]
[55,"便携式溶解氧分析仪","JPB-607A型","台",1,{"v":2373,"d":"2373.00"}]
[56,"酸度计","PHS-3C","台",1,{"v":2317,"d":"2317.00"}]
[57,"玻璃珠","Φ6mm","袋",1,{"v":57,"d":"57.00"}]
[58,"称量纸","75x75/500张/包","包",2,{"v":15,"d":"15.00"}]
[59,"称量纸","100x100/500张/包","包",2,{"v":18,"d":"18.00"}]
[60,"称量纸","150x150/500张/包","包",2,{"v":25,"d":"25.00"}]
[61,"微孔滤膜  (水系)","Φ50x0.45","合",5,{"v":61,"d":"61.00"}]
[62,"标签纸","3cmx4.2cm(24小张)","张",200,0.58]
[63,"超纯水机","AXLA210-L","台",1,{"v":6328,"d":"6328.00"}]
[64,"聚乙稀大口试剂瓶","1000ml","只",20,{"v":9.684,"d":"9.68"}]
[65,"聚乙稀大口试剂瓶","500ml","只",15,{"v":4.3,"d":"4.30"}]
[66,"聚乙稀大口试剂瓶","250ml","只",10,3.39]
[67,"聚乙稀小口试剂瓶","100ml","只",5,{"v":2.262,"d":"2.26"}]
[68,"下浮优惠率（%）"]
[69,"不含税总价（元）"]
[70,"增值税税率（%）"]
[71,"总价（元）"]
["报价单位（全称并加盖公章）："]
["联系人："]
["电话："]
["日期："]
["备注：\n1、以上单价报价含运输、售后等一切费用，单价为不含税价。\n2、供货方式：根据询价人的需求、运输到生态新城污水处理厂，并提供售后服务。"]